000 01199nam a2200337 i 4500
003 EG-GICUC
005 20260121101742.0
008 260119s1947 uk ||||fr|||| 001 0 eng d
040 _aEG-GiCUC
_beng
_cEG-GiCUC
_dEG-GiCUC
_erda
041 _aeng
082 0 4 _221
_a341.3
_bFR . P
092 0 4 _221
099 _aLaw1 11 341.3 FR . P 1947
110 _kThe British Commonwealth And World Society
_eAuthor.
245 1 0 _aProceedings Of The Third Unofficial Conference On British Commonwealth Relations London 17 February To 3 March 1945 /
_cRichard Frost.
264 1 _a London :
_bOxford University Press,
_c1947.
300 _a204 pages,
_c24 cm
_billustrations,
336 _2rda content
_atext
337 _2rda media
_aComputer
338 _2rda carrier
_aOnline Resource
500 _aIncludes index. Includes appendices.
504 _aBibliography: pages 200-250.
546 _aText in English
650 1 4 _aCommonwealth countries
_2qrmak
_x International relations
650 1 4 _aInternational law
_2qrmak
651 1 _2qrmak
700 1 _a Gower, L. C. B.
_eeditor.
856 4 0 _uhttps://fll.law.cu.edu.eg/fulltext/bks/B11-06693.pdf
905 _a79
942 _2ddc
_cBK
_e21
_n0
999 _c57943
_d57943